| 000 | 01938cam a22003971 4500 | ||
|---|---|---|---|
| 999 |
_c118659 _d118659 |
||
| 001 | 7859136 | ||
| 003 | BJBSDDR | ||
| 005 | 20230805181412.0 | ||
| 006 | a|||||r|||| 00| 0 | ||
| 007 | ta | ||
| 008 | 860305s2016 sp 000 1 spa spa | ||
| 010 | _a 43007671 | ||
| 020 | _a9788497935029 | ||
| 020 | _a8497935020 | ||
| 035 | _a(OCoLC)13241646 | ||
| 040 |
_aDLC _cCU-S _dCU-S _dDLC |
||
| 041 | 1 |
_aspa _heng |
|
| 042 | _apremarc | ||
| 050 | 1 | 4 |
_aPS 3515 _bH488p 2016 |
| 082 | 0 | 0 | _a813.5 |
| 100 | 1 |
_aHemingway, Ernest, _d1899-1961 _915830 |
|
| 240 | 1 | 0 |
_aFor whom the bell tolls. _lEspañol |
| 245 | 1 | 0 |
_aPor quién doblan las campanas / _cErnest Hemingway; prólogo de Juan Villoro; traducción de Lola de Aguado. |
| 260 |
_aBarcelona : _bPenguin Random House Grupo Editorial, _c2016 |
||
| 300 |
_a618 páginas ; _c21 cm. |
||
| 490 | 1 | _aContemporánea (Debolsillo (Firm)) | |
| 520 | _aEn los tupidos bosques de pinos de una región montañosa española, un grupo de milicianos se dispone a volar un puente esencial para la ofensiva republicana. La acción cortará las comunicaciones por carretera y evitará el contraataque de los sublevados. Robert Jordan, un joven voluntario de las Brigadas Internacionales, es el dinamitero experto que ha venido a España para llevar a cabo esta misión. En las montañas descubrirá los peligros y la intensa camaradería de la guerra. Y descubrirá también a María, una joven rescatada por los milicianos de manos de las fuerzas sublevadas de Franco, de la cual se enamorará enseguida. | ||
| 650 | 4 |
_9203 _aNovela estadounidense |
|
| 650 | 4 |
_91028 _aLiteratura estadounidense |
|
| 651 | 0 |
_aSpain _xHistory _yCivil War, 1936-1939 _vFiction. |
|
| 700 | 1 |
_92340 _aVilloro, Juan, _d1956- _eprologuista |
|
| 700 | 1 |
_930423 _aAguado, Lola de _eTraductora |
|
| 830 | 0 |
_910906 _aContemporánea (Debolsillo) |
|
| 906 |
_a7 _bcbc _coclcrpl _du _encip _f19 _gy-gencatlg |
||
| 942 |
_2lcc _cBK |
||